| 000 | 01494naa a22003857a 4500 | ||
|---|---|---|---|
| 001 | BR8200274 | ||
| 003 | BR-BrBNA | ||
| 005 | 20240918175110.0 | ||
| 007 | ta | ||
| 008 | 230509b bl.||||| |||| 00| 0 por d | ||
| 040 |
_aBR-BrBNA _bpor _cBiblioteca Nacional de Agricultura |
||
| 041 | _a(Pt) | ||
| 072 |
_aL00; L70 _b5214 _b9410 _b4110 _bG514 |
||
| 090 | _aL00 BR8200274 | ||
| 100 | 1 | _aNogueira, V. do M. | |
| 100 | 1 | _aNascimento, M. da R.R.G. do | |
| 111 | 1 |
_a2. Seminario de Pesquisa Agropecuaria do Piaui _cTeresina, PI (Brazil) _d7 Oct 1980 |
|
| 245 | 1 | _aLevantamento tecnico da bacia leiteira de Parnaiba e tecnico-sanitario de Teresina [Gado leiteiro; Piaui; Brasil] | |
| 246 | 1 | _a[Technical survey of the dairy area of Parnaiba and technical-sanitary survey of Teresina [Dairy cattle; Piaui; Brazil]] | |
| 246 | 1 | _a[Annals of the 2. Farm Research Seminar of Piaui] | |
| 260 | 3 |
_aTeresina, PI (Brasil): _c1981. |
|
| 500 | _aAnais do 2. Seminario de Pesquisa Agropecuaria do Piaui Teresina, PI (Brasil): 1981. p. 207-213 (BR8200274-AM)L00 | ||
| 650 | _aProducao animal | ||
| 650 | _aVeterinaria | ||
| 650 | _aGado Leiteiro | ||
| 650 | _aLeite | ||
| 650 | _aBrucelose | ||
| 650 | _aTuberculose | ||
| 650 | _aBacia leiteira | ||
| 650 | _aDiagnostico | ||
| 650 | _aPiaui | ||
| 773 | 0 |
_tAnais do 2. Seminario de Pesquisa Agropecuaria do Piaui _wL00 BR8200274 _gTeresina, PI (Brasil), 1981. p. 207-213 |
|
| 909 |
_a202404 _bLucia _c55 _dLucia Elande |
||
| 942 |
_cAM _2AGRIS |
||
| 999 |
_c315016 _d315016 |
||